000 00520nam a2200169Ia 4500
003 GCL
008 140319s9999 xx 000 0 ara d
040 _aGCL /
_cGCL
082 0 4 _a150.195
_bد هـ
100 1 _aن.ن. دراكوليدس
245 1 0 _aهاملت: دراسة فى التحليل النفسى /
_cن.ن. دراكوليدس
260 _aبيروت :
_bالمؤسسة الحديثة للكتاب ،
_c1987
300 _a56 ص
490 _a
650 0 4 _aالتحليل النفسى
942 _2ddc
_cBK
999 _c29102
_d29102